000 00597nam a2200217Ia 4500
005 20250508164107.0
008 008 250505s9999 xx 000 0 eng d
020 _a0-415-22807-7
037 _aTextual
040 _aFEDL
_beng
_cFEDL
041 _aeng
_2eng
084 _a303.4833, DRE
_qFEDL
100 _aDreyfus Hubert L
245 0 _aOn the Internet
260 _aLondon, UK
_bRoutledge
_c2001
300 _aix,127p.
365 _aGBP
_b7.99
650 _aSocialisation; Information technology
_9777299
942 _cTEXL
_h303.4833, DRE
999 _c1387020
_d1387020